000 00562nam a22001817a 4500
003 BUBTL
008 210624b xxu||||| |||| 00| 0 eng d
082 _a342.0878/ G6998h/ 2020
100 _94109
_aGoswami, Samarendra Nath
245 _aA Hand Book On Nari-O-Shishu Nirjatan Daman Ain (BLT) /
_cSamarendra Nath Goswami
250 _a1st edn.
260 _aDhaka :
_bThe Bangladesh Law Times,
_cc2020.
300 _a298 p. :
_c28 cm.
650 0 _926
_aLaw
856 _k0
_l0
_yDownload
942 _2ddc
_cBK
999 _c6501
_d6501